Statistics for F1 Podiums 1952

Click here to take the quiz!

General Stats

  • This quiz has been taken 89 times
  • The average score is 8 of 15

Answer Stats

Answer% Correct
Alberto Ascari
100%
Alberto Ascari / Jose Froilan Gonzalez
100%
Giuseppe Farina
94%
Jose Froilan Gonzalez
67%
Piero Taruffi
64%
Mike Hawthorn
58%
Bill Vukovich
56%
Luigi Villoresi
42%
Troy Ruttman
42%
Jean Behra
39%
Sam Hanks
31%
Rudi Fischer
28%
Jim Rathmann
25%
Fred Agabashian
14%
Robert Manzon
11%

Score Distribution

Percentile by Number Answered

Percent of People with Each Score

Your Score History

You have not taken this quiz